Skip to main content
Your cart is empty.
Your lists
Log in to create your own lists
Your cookies
العربية
English
العربية
Home
Search
Advanced search
Authority search
About
The noble scholar, jurist, historian
His Excellency Dr. Abdul Wahhab bin Ibrahim Abu Sulaiman, may Allah have mercy on him.
He was born in Umm Al-Qura in the year 1356 AH.
Library catalog
Title
Author
Subject
ISBN
ISSN
Series
Call number
Log in to your account
×
Login:
Password:
Home
MARC view: محاضرات نادي مكة الثقافي الأدبي /
Normal view
MARC view
ISBD view
محاضرات نادي مكة الثقافي الأدبي / (Record no. 6564)
[
view plain
]
MARC details
000 -LEADER
fixed length control field
01489caa a22002891ib4500
003 - CONTROL NUMBER IDENTIFIER
control field
SA-RiAUC
005 - DATE AND TIME OF LATEST TRANSACTION
control field
20250322130549.0
008 - FIXED-LENGTH DATA ELEMENTS--GENERAL INFORMATION
fixed length control field
250320s1993 su g f00000 ara c
040 ## - CATALOGING SOURCE
Original cataloging agency
SA-JeALM
Language of cataloging
ara
Transcribing agency
SA-RiAUC
Description conventions
rda
043 ## - GEOGRAPHIC AREA CODE
Geographic area code
a-su---
082 04 - DEWEY DECIMAL CLASSIFICATION NUMBER
Classification number
081
Assigning agency
SA-RiAUC
090 ## - LOCALLY ASSIGNED LC-TYPE CALL NUMBER (OCLC); LOCAL CALL NUMBER (RLIN)
Classification number (OCLC) (R) ; Classification number, CALL (RLIN) (NR)
081
Local cutter number (OCLC) ; Book number/undivided call number, CALL (RLIN)
ن ا د
110 2# - MAIN ENTRY--CORPORATE NAME
Corporate name or jurisdiction name as entry element
نادي مكة الثقافي الأدبي
Relator term
مؤلف.
245 10 - TITLE STATEMENT
Title
محاضرات نادي مكة الثقافي الأدبي /
Statement of responsibility, etc.
نادي مكة الثقافي الأدبي.
264 ## - PRODUCTION, PUBLICATION, DISTRIBUTION, MANUFACTURE, AND COPYRIGHT NOTICE
Place of production, publication, distribution, manufacture
مكة المكرمة :
Name of producer, publisher, distributor, manufacturer
نادي مكة الثقافي الأدبي،
Date of production, publication, distribution, manufacture, or copyright notice
1993
300 ## - PHYSICAL DESCRIPTION
Extent
مجلد ؛
Dimensions
24 سم
336 ## - CONTENT TYPE
Content type term
نص
Content type code
txt
Source
rdacontent
Materials specified
عمل تحليلي
337 ## - MEDIA TYPE
Media type term
بدون وسيط
Media type code
n
Source
rdamedia
338 ## - CARRIER TYPE
Carrier type term
مجلد
Carrier type code
nc
Source
rdacarrier
500 ## - GENERAL NOTE
General note
اهداء من نادي مكة الثقافي الأدبي بتاريخ 1/ 1 /1414 هـ
580 ## - LINKING ENTRY COMPLEXITY NOTE
Linking entry complexity note
في : محاضرات نادي مكة الثقافي الأدبي. -مكة المكرمة : نادي مكة الثقافي الأدبي، 1993. -مجلد 2. -(مطبوعات نادي مكة الثقافي الأدبي ؛ 83)
650 #7 - SUBJECT ADDED ENTRY--TOPICAL TERM
Topical term or geographic name entry element
المقالات العربية
Geographic subdivision
السعودية
Chronological subdivision
قرن 14 هجري
Source of heading or term
aucsh
650 #7 - SUBJECT ADDED ENTRY--TOPICAL TERM
Topical term or geographic name entry element
الثقافة العربية
Geographic subdivision
السعودية
Form subdivision
مقالات ومحاضرات
Source of heading or term
aucsh
650 #7 - SUBJECT ADDED ENTRY--TOPICAL TERM
Topical term or geographic name entry element
النوادي الثقافية
Geographic subdivision
السعودية
Form subdivision
مقالات ومحاضرات
Source of heading or term
aucsh
942 ## - ADDED ENTRY ELEMENTS (KOHA)
Source of classification or shelving scheme
Dewey Decimal Classification
Koha item type
Books
Suppress in OPAC
No
949 ## - LOCAL PROCESSING INFORMATION (OCLC)
a
SA-JeALM
d
250320
u
mohamedma123
n
1
Holdings
Withdrawn status
Lost status
Source of classification or shelving scheme
Materials specified (bound volume or other part)
Damaged status
Not for loan
Collection
Home library
Current library
Date acquired
Total checkouts
Full call number
Barcode
Date last seen
Price effective from
Koha item type
Dewey Decimal Classification
الجزء الثاني
اهداء
DR AbdElwahab Library
DR AbdElwahab Library
03/22/2025
081 ن ا د
000011063
03/22/2025
03/22/2025
Books
Dewey Decimal Classification
الجزء الثالث
DR AbdElwahab Library
DR AbdElwahab Library
06/17/2025
081 ن ا د
000014842
06/17/2025
06/17/2025
Books
Dewey Decimal Classification
الجزء الخامس
اهداء
DR AbdElwahab Library
DR AbdElwahab Library
09/29/2025
081 ن ا د
000019693
09/29/2025
09/29/2025
Books
Dewey Decimal Classification
الجزء الثاني
DR AbdElwahab Library
DR AbdElwahab Library
10/20/2025
081 ن ا د
000020365
10/20/2025
10/20/2025
Books
Place hold
Print
Add to your cart
(remove)
Save record
BIBTEX
Dublin Core
MARCXML
MARC (non-Unicode/MARC-8)
MARC (Unicode/UTF-8)
MARC (Unicode/UTF-8, Standard)
MODS (XML)
RIS
ISBD
More searches
Search for this title in:
Other Libraries (WorldCat)
Other Databases (Google Scholar)
Online Stores (Bookfinder.com)
Open Library (openlibrary.org)
Exporting to Dublin Core...
×
Simple DC-RDF
OAI-DC
SRW-DC